The water sprits / (Record no. 32592)

MARC details
000 -LEADER
fixed length control field 02103nam a2200337 a 4500
005 - DATE AND TIME OF LATEST TRANSACTION
control field 20091212101810.0
008 - FIXED-LENGTH DATA ELEMENTS--GENERAL INFORMATION
fixed length control field 060711r20081994mnua j 000 1 eng
010 ## - LCCN (DPL NO)
LC control number B-384994-999
020 ## - INTERNATIONAL STANDARD BOOK NUMBER
International Standard Book Number 9781846470172
Terms of availability 110.00
035 ## - SYSTEM CONTROL NUMBER
System control number B-384994-999
037 ## - SOURCE OF ACQUISITION
Source of stock number/acquisition Blueberry Books
040 ## - CATALOGING SOURCE
Original cataloging agency dpl
Language of cataloging English
082 ## - DEWEY DECIMAL CLASSIFICATION NUMBER
Classification number S
100 ## - MAIN ENTRY--PERSONAL NAME
Personal name Rodda, Emily
245 ## - TITLE STATEMENT
Title The water sprits /
Statement of responsibility, etc by Emily Rodda
260 ## - PUBLICATION, DISTRIBUTION, ETC. (IMPRINT)
Place of publication, distribution, etc London
Name of publisher, distributor, etc Catnip Books
Date of publication, distribution, etc 2006
270 ## - ADDRESS
Address Islington Business Centre, 3-5 Islington High Street,
City London
300 ## - PHYSICAL DESCRIPTION
Extent 89 p.
Dimensions 20cm(pbk)
490 ## - SERIES STATEMENT
Series statement Fairy realm ;
Volume number/sequential designation book. 8
500 ## - GENERAL NOTE
General note Sequel: The flower fairies.
500 ## - GENERAL NOTE
General note "Originally published under the name Mary-Anne Dickinson as the Storytelling charms series, 1994"--Copyright p.
520 ## - SUMMARY, ETC.
Summary, etc When Jessie searches for her ill grandmother's missing charm bracelet, she is led to a magical world and finds she has a reason and right to be there.
942 ## - ADDED ENTRY ELEMENTS (KOHA)
Source of classification or shelving scheme Dewey Decimal Classification
Item type Children Books
Classification part S
Call number suffix ROD
Holdings
Withdrawn status Lost status Source of classification or shelving scheme Damaged status Not for loan Collection code Home library Current library Date acquired Source of acquisition Cost, normal purchase price Total Checkouts Full call number Barcode Date last seen Copy number Cost, replacement price Koha item type
    Dewey Decimal Classification     Fiction Central Library Central Library 17/07/2010 Blueberry Books/5571/27.3.10/157/27.1.10/27.3.10 110.00 1 S ROD B-384994 06/06/2023 1 110.00 Children Books
    Dewey Decimal Classification     Fiction Karol Bagh Karol Bagh 17/07/2010 Blueberry Books/5571/27.3.10/157/27.1.10/27.3.10 110.00   S ROD B-384998 17/07/2010 1 110.00 Children Books
    Dewey Decimal Classification     Fiction Patel Nagar Patel Nagar 17/07/2010 Blueberry Books/5571/27.3.10/157/27.1.10/27.3.10 110.00 1 S ROD B-384995 20/09/2023 1 110.00 Children Books
    Dewey Decimal Classification     Fiction Sarojini Nagar Sarojini Nagar 17/07/2010 Blueberry Books/5571/27.3.10/157/27.1.10/27.3.10 110.00   S ROD B-384996 17/07/2010 1 110.00 Children Books
    Dewey Decimal Classification     Fiction Shahdara Branch Shahdara Branch 17/07/2010 Blueberry Books/5571/27.3.10/157/27.1.10/27.3.10 110.00 3 S ROD B-384999 20/06/2026 1 110.00 Children Books
    Dewey Decimal Classification     Fiction Vinoba Puri Vinoba Puri 17/07/2010 Blueberry Books/5571/27.3.10/157/27.1.10/27.3.10 110.00 5 S ROD B-384997 21/11/2013 1 110.00 Children Books

© Delhi Public Library
Hit Counter
free hit counter